000 01005nam a2200241 a 4500
008 120416s1993 ||||||||||||||||| || u
020 _a0889367000
050 _aHC 59.7 Res
100 _aTorres Adriâan, Mario
245 1 0 _aResearch on social policy : proposals for a future agenda
_cedited by Mario Adriâan Torres
260 _aOttawa :
_bIDRC
_c1993
300 _avi, 191p.
350 _a0.00
500 _aBibliography
650 _aCOLOMBIA--SOCIAL POLICY
650 _aPERU--SOCIAL POLICY
650 _aCHILE--SOCIAL POLICY
650 0 _aECONOMICS
650 _aECONOMIC DEVELOPMENT--SOCIAL ASPECTS
710 _aInternational Development Research Centre (Canada)
995 _aANNEX COLLECTION (Main Library)
_D0.00
_e725148
_FCBU-MAIN LIBRARY (Kitwe)
_H1
_I27.50
_jHC 59.7 Res
_M1
_UAVAILABLE
_y002102
_ZAnnex Low-Usage Collection
995 _aANNEX COLLECTION (Main Library)
_D0.00
_e727698
_FCBU-MAIN LIBRARY (Kitwe)
_H2
_I27.50
_jHC 59.7 Res
_M2
_UAVAILABLE
_y025687
_ZAnnex Low-Usage Collection
999 _c80168
_d80168